header

21st century urban race politics (Record no. 28526)

MARC details
000 -LEADER
fixed length control field 01484nam a2200373Ia 4500
082 04 - DEWEY DECIMAL CLASSIFICATION NUMBER
Classification number 305.800973
245 00 - TITLE STATEMENT
Title 21st century urban race politics
260 ## - PUBLICATION, DISTRIBUTION, ETC. (IMPRINT)
Place of publication Bradford :
Name of publisher Emerald Group Publishing Limited,
Year of publication 2013.
300 ## - PHYSICAL DESCRIPTION
Number of Pages 345 p.
490 1# - SERIES STATEMENT
Series statement Research in Race and Ethnic Relations ;
650 #0 - SUBJECT ADDED ENTRY--TOPICAL TERM
Topical Term Discrimination
Topical Term Immigrants
Topical Term Minorities
Topical Term United States
700 1# - ADDED ENTRY--PERSONAL NAME
Personal name Perry, Ravi K.
Personal name Cunnigen, Donald.
Personal name Bruce, Marino.
856 40 - ELECTRONIC LOCATION AND ACCESS
Uniform Resource Identifier http://site.ebrary.com/lib/rucke/Doc?id=10687772

No items available.

© 2026 Rongo University
Contact us: librarian | system librarian | Rongo university